Svi͡edi͡enīi͡a o polʹskom mi͡atezhi͡e 1863 g. v si͡evero-zapadnoĭ Rossii. (Record no. 14748)

MARC details
000 -LEADER
fixed length control field 01145cam a2200265 4500
001 - CONTROL NUMBER
control field ca 14000066
003 - CONTROL NUMBER IDENTIFIER
control field DLC
005 - DATE AND TIME OF LATEST TRANSACTION
control field 20260227111059.0
008 - FIXED-LENGTH DATA ELEMENTS--GENERAL INFORMATION
fixed length control field 811005m18671868li e b 000 0 ruso
010 ## - LIBRARY OF CONGRESS CONTROL NUMBER
LC control number ca 14000066
040 ## - CATALOGING SOURCE
Original cataloging agency DLC
Transcribing agency DLC
Modifying agency DLC
043 ## - GEOGRAPHIC AREA CODE
Geographic area code e-pl---
050 00 - LIBRARY OF CONGRESS CALL NUMBER
Classification number DK4370
Item number .R37
051 ## - LIBRARY OF CONGRESS COPY, ISSUE, OFFPRINT STATEMENT
Copy information Copy 3. Russian Imperial Coll. On heavier paper. Imperfect: fold. plan wanting.
100 1# - MAIN ENTRY--PERSONAL NAME
Personal name Ratch, Vasilīĭ Fedorovich,
Dates associated with a name -1870.
240 10 - UNIFORM TITLE
Uniform title Svedenii͡a o polʹskom mi͡atezhe 1863 g. v severo-zapadnoĭ Rossii
245 10 - TITLE STATEMENT
Title Svi͡edi͡enīi͡a o polʹskom mi͡atezhi͡e 1863 g. v si͡evero-zapadnoĭ Rossii.
Statement of responsibility, etc. Sobral Vasilīĭ Ratch.
260 ## - PUBLICATION, DISTRIBUTION, ETC.
Place of publication, distribution, etc. Vilʹna,
Name of publisher, distributor, etc. Tip. Gubernskago pravlenīi͡a
Date of publication, distribution, etc. 1867-1868.
300 ## - PHYSICAL DESCRIPTION
Extent 2 v.
Other physical details fold. plan.
Dimensions 25 cm.
500 ## - GENERAL NOTE
General note No more published.
500 ## - GENERAL NOTE
General note Vol. 2 lacks author statement.
504 ## - BIBLIOGRAPHY, ETC. NOTE
Bibliography, etc. note Includes bibliographical references.
505 0# - FORMATTED CONTENTS NOTE
Formatted contents note t. 1. Vvedenīe. Si͡evero-Zapadnai͡a Rossīi͡a do padenīi͡a Ri͡echi Pospolitoĭ.--t. 2. Organizat͡sīonnyi͡a raboty polonizma: Borʹba s polonizmom v Avstrīi i Prussīi.
651 #0 - SUBJECT ADDED ENTRY--GEOGRAPHIC NAME
Geographic name Poland
General subdivision History
Chronological subdivision Revolution, 1863-1864.

No items available.

Powered by Koha